MARC

LEADER 00000nam0a2200000 4500
001 332571
005 20231102004453.0
035 |a (RuTPU)RU\TPU\book\358517 
090 |a 332571 
100 |a 20170525d1955 km y0rusy50 ca 
101 0 |a rus 
102 |a RU 
105 |a a z 001zy 
200 1 |a Цепные реакции окисления углеводородов в газовой фазе  |f Академия наук СССР, Институт химической физики им. Н. Н. Семенова ; под ред. А. Б. Налбандян ; под ред. Н. М. Эмануэль 
210 |a Москва  |c Изд-во Академии наук СССР  |d 1955 
215 |a 210 с.  |c ил. 
320 |a Библиогр. в конце ст. 
606 1 |a Углеводороды  |x Окисление  |2 stltpush  |3 (RuTPU)RU\TPU\subj\75992  |9 87473 
610 1 |a химия 
610 1 |a цепные реакции 
610 1 |a газовые среды 
610 1 |a пропилен 
610 1 |a пропан 
610 1 |a химические реакции 
610 1 |a радикалы 
610 1 |a повышенные температуры 
610 1 |a меченые атомы 
610 1 |a фотохимическое окисление 
675 |a 547.2/.3:544.4  |v 4 
702 1 |a Налбандян  |b А. Б.  |4 340 
702 1 |a Эмануэль  |b Н. М.  |4 340 
712 0 2 |a Академия наук СССР  |b Институт химической физики им. Н. Н. Семенова  |c (Москва)  |2 stltpush  |3 (RuTPU)RU\TPU\col\1482  |9 23568 
801 1 |a RU  |b 63413507  |c 20170525 
801 2 |a RU  |b 63413507  |c 20201028  |g RCR 
942 |c BK